All Prehistoric Nature Entities - Statistics

General Stats
  • This quiz has been taken 7 times
  • The average score is 103 of 631
Answer Stats
Hint Answer % Correct
Carboniferous Meganeura
83%
Cambrian Anomalocaris
67%
Carboniferous Arthropleura
67%
Permian Dimetrodon
67%
Devonian Dunkleosteus
67%
Permian Gorgonops
67%
Devonian Hyneria
67%
Permian Lystrosaurus
67%
Triassic Mixosaurus
67%
Permian Moschops
67%
Triassic Shonisaurus
67%
Devonian Tiktaalik
67%
Ordovician Aegirocassis
50%
Cambrian Amplectobelua
50%
Triassic Arizonasaurus
50%
Triassic Cymbospondylus
50%
Precambrian Dickinsonia
50%
Carboniferous Edestus
50%
Cambrian Haikouichthys
50%
Cambrian Hallucigenia
50%
Devonian Jaekelopterus
50%
Carboniferous Megarachne
50%
Triassic Nothosaurus
50%
Cambrian Opabinia
50%
Ordovician Orthoceras
50%
Triassic Postosuchus
50%
Silurian Pterygotus
50%
Carboniferous Rhizodus
50%
Permian Scutosaurus
50%
Carboniferous Tullimonstrum
50%
Carboniferous Xenacanthus
50%
Devonian Acanthostega
33%
Permian Anteosaurus
33%
Ordovician Arandaspis
33%
Ordovician Atlantic Sea Nettle Jellyfish
33%
Triassic Atopodentatus
33%
Cambrian Balhuticaris
33%
Ordovician Barrel Jellyfish
33%
Triassic Besanosaurus
33%
Permian Bobasatrania
33%
Devonian Bothriolepis
33%
Cambrian Cambroraster
33%
Ordovician Cameroceras
33%
Silurian Carcinosoma
33%
Devonian Cephalaspis
33%
Devonian Cladoselache
33%
Devonian Coccosteus
33%
Permian Coelurosauravus
33%
Ordovician Compass Jellyfish
33%
Permian Cotylorhynchus
33%
Carboniferous Crassigyrhinus
33%
Permian Diictodon
33%
Devonian Diplacanthus
33%
Devonian Doryaspis
33%
Carboniferous Edaphosaurus
33%
Triassic Effigia
33%
Permian Elginia
33%
Ordovician Endoceras
33%
Precambrian Eoandromeda
33%
Silurian Eoarthropleura
33%
Triassic Eoraptor
33%
Triassic Eudimorphodon
33%
Triassic Euparkeria
33%
Silurian Eurypterus
33%
Carboniferous Fadenia
33%
Carboniferous Falcatus
33%
Triassic Feroxichthys
33%
Ordovician Furca
33%
Ordovician Gonioceras
33%
Devonian Harvestman
33%
Permian Helicoprion
33%
Triassic Henodus
33%
Devonian Heterosteus
33%
Devonian Hibbertopterus
33%
Jurassic Hybodus
33%
Permian Inostrancevia
33%
Cambrian Jianshanopodia
33%
Permian Jonkeria
33%
Jurassic Kentrosaurus
33%
Cambrian Kerygmachela
33%
Ordovician Lions Mane Jellyfish
33%
Carboniferous Listracanthus
33%
Carboniferous Lithomantis
33%
Cambrian Lyrarapax
33%
Ordovician Maclurina
33%
Triassic Mastodonsaurus
33%
Devonian Megalodon
33%
Ordovician Megalograptus
33%
Jurassic Megalosaurus
33%
Permian Meganeuropsis
33%
Triassic Metoposaurus
33%
Silurian Monograptus
33%
Ordovician Moon Jellyfish
33%
Triassic Mussaurus
33%
Cambrian Nectocaris
33%
Cambrian Odontogriphus
33%
Cambrian Omnidens
33%
Carboniferous Ophiacodon
33%
Jurassic Ophthalmosaurus
33%
Triassic Opolanka
33%
Carboniferous Ornithoprion
33%
Devonian Oxyosteus
33%
Triassic Parhybodus
33%
Cambrian Pikaia
33%
Triassic Placerias
33%
Triassic Plateosaurus
33%
Triassic Poposaurus
33%
Precambrian Precambrian Jelly
33%
Permian Purlovia
33%
Ordovician Purple Striped Jellyfish
33%
Permian Robertia
33%
Devonian Rolfosteus
33%
Triassic Saurosuchus
33%
Triassic Shringasaurus
33%
Cambrian Siberion
33%
Cambrian Sidneyia
33%
Precambrian Spriggina
33%
Devonian Stethacanthus
33%
Devonian Titanichthys
33%
Permian Vivaxosaurus
33%
Cambrian Wiwaxia
33%
Cambrian Xenusion
33%
Jurassic Yinlong
33%
Cambrian Acadoparadoxides
17%
Devonian Acanthodes
17%
Carboniferous Acrolepis
17%
Silurian Acutiramus
17%
Devonian Adelopthalmus
17%
Triassic Aeger
17%
Silurian Ainiktozoon
17%
Carboniferous Akmonistion
17%
Triassic Albertonia
17%
Carboniferous Allenypterus
17%
Cambrian Allonnia
17%
Permian Alopecognathus
17%
Carboniferous Amphibamus
17%
Ordovician Ampyx
17%
Precambrian Ancient Jellyfish
17%
Carboniferous Anthracomartus
17%
Carboniferous Anthracomedusa
17%
Ordovician Aphetoceras
17%
Devonian Archaeocidaris
17%
Jurassic Arduafrons
17%
Ordovician Aristocystites
17%
Precambrian Arkarua
17%
Ordovician Astraspis
17%
Devonian Attercopus
17%
Triassic Austriadactylus
17%
Triassic Austrolimulus
17%
Carboniferous Balanerpeton
17%
Cambrian Banffia
17%
Carboniferous Barameda
17%
Permian Barbclabornia
17%
Devonian Basiloceras
17%
Cambrian Batofasciculus
17%
Triassic Batrachotomus
17%
Carboniferous Belantsea
17%
Static Bivalve
17%
Ordovician Blastoids
17%
Precambrian Bomakellia
17%
Carboniferous Branchiosaur
17%
Devonian Brindabellaspis
17%
Devonian Bundenbachiellus
17%
Devonian Bungartius
17%
Permian Bunostegos
17%
Precambrian Burykhia
17%
Triassic Caelestiventus
17%
Devonian Campbellodus
17%
Devonian Camuropiscis
17%
Cambrian Canadaspis
17%
Cambrian Canadia
17%
Triassic Cartorhynchus
17%
Ordovician Caryocrinites
17%
Ordovician Cassinoceras
17%
Cambrian Castericystis
17%
Triassic Caviramus
17%
Ordovician Ceratiocaris
17%
Jurassic Chaoyangsaurus
17%
Precambrian Charnia
17%
Precambrian Charniodiscus
17%
Cambrian Chaunograptus
17%
Devonian Chotecops
17%
Triassic Cidaroida
17%
Permian Claudiosaurus
17%
Triassic Clevosaurus
17%
Devonian Climatius
17%
Precambrian Cloudina
17%
Devonian Clydagnathus
17%
Permian Cobelodus
17%
Permian Coelacanthus
17%
Triassic Coelophysis
17%
Devonian Cometicercus
17%
Devonian Concavicaris
17%
Static Cornulitida
17%
Precambrian Coronacollina
17%
Precambrian Corumbella
17%
Devonian Cowralepis
17%
Carboniferous Cryptomartus
17%
Permian Ctenospondylus
17%
Devonian Ctenurella
17%
Triassic Cyamodus
17%
Permian Cyclolobus
17%
Ordovician Cyclonema
17%
Ordovician Deiroceras
17%
Triassic Desmatosuchus
17%
Triassic Dicerocardium
17%
Cambrian Dictyonema
17%
Ordovician Didymograptus
17%
Cambrian Dinomischus
17%
Carboniferous Diplocaulus
17%
Permian Diploceraspis
17%
Jurassic Dollocaris
17%
Permian Dorypterus
17%
Devonian Draconichthys
17%
Carboniferous Dracopristis
17%
Devonian Drotops
17%
Jurassic Dryosaurus
17%
Permian Dunbaria
17%
Permian Dvinia
17%
Permian Dvinosaurus
17%
Jurassic Dysalotosaurus
17%
Devonian Eastmanosteus
17%
Permian Ebenaqua
17%
Devonian Eglonaspis
17%
Cambrian Ellipsocephalus
17%
Cambrian Elrathia
17%
Silurian Encrinus
17%
Permian Endothiodon
17%
Ordovician Enoploura
17%
Silurian Entelognathus
17%
Carboniferous Eophrynus
17%
Cambrian Eoredlichia
17%
Triassic Eorhynchochelys
17%
Permian Eosimops
17%
Triassic Eretmorhipis
17%
Permian Eryops
17%
Carboniferous Escumasia
17%
Permian Estemmenosuchus
17%
Silurian Eucalyptocrinites
17%
Permian Euchambersia
17%
Devonian Eusthenopteron
17%
Cambrian Facivermis
17%
Devonian Fallacosteus
17%
Triassic Foreyia
17%
Devonian Furcacauda
17%
Silurian Furcaster
17%
Devonian Gabreyaspis
17%
Cambrian Gemmactena
17%
Carboniferous Gerarus
17%
Triassic Gerrothorax
17%
Permian Glaurung
17%
Cambrian Gogia
17%
Devonian Gogonasus
17%
Devonian Goniatites
17%
Devonian Goodradigbeeon
17%
Devonian Gooloogongia
17%
Carboniferous Gordoniconus
17%
Devonian Griphognathus
17%
Precambrian Grypania
17%
Devonian Gymnotrachelus
17%
Carboniferous Gyracanthides
17%
Precambrian Hapsidophyllas
17%
Devonian Helianthaster
17%
Cambrian Helicocystis
17%
Devonian Heliopeltis
17%
Cambrian Helmetia
17%
Triassic Herrerasaurus
17%
Devonian Hibernaspis
17%
Static Holocrinus
17%
Devonian Holonema
17%
Carboniferous Homaloneura
17%
Carboniferous Homoioptera
17%
Jurassic Hualianceratops
17%
Ordovician Hungioides
17%
Triassic Hyperodapedon
17%
Triassic Hypsognathus
17%
Devonian Ichthyostega
17%
Static Inoceramus
17%
Ordovician Isotelus
17%
Triassic Italophlebia
17%
Devonian Ivoites
17%
Triassic Keichousaurus
17%
Precambrian Kimberella
17%
Cambrian Kodymirus
17%
Carboniferous Kreischeria
17%
Devonian Kujdanowiaspis
17%
Cambrian Laminacaris
17%
Devonian Lanceaspis
17%
Carboniferous Land Snail
17%
Permian Lebachacanthus
17%
Cambrian Lepidocystis
17%
Jurassic Lepidotes
17%
Jurassic Leptolepis
17%
Triassic Lessemsaurus
17%
Carboniferous Limnoscelis
17%
Triassic Limulid Horseshoe Crab
17%
Triassic Lisowicia
17%
Cambrian Lochmanolenellus
17%
Triassic Lonchidion
17%
Triassic Lotosaurus
17%
Triassic Luoxiongichthys
17%
Carboniferous Lycocercus
17%
Cambrian Lyracystis
17%
Jurassic Macromesodon
17%
Devonian Manticoceras
17%
Devonian Materpiscis
17%
Permian Megactenopetalus
17%
Carboniferous Megalocephalus
17%
Permian Melosaurus
17%
Permian Mesosaurus
17%
Devonian Microbrachius
17%
Cambrian Microdictyon
17%
Devonian Miguashaia
17%
Silurian Mixopterus
17%
Devonian Montecaris
17%
Triassic Morganucodon
17%
Jurassic Muensterella
17%
Devonian Nahecaris
17%
Precambrian Namacalathus
17%
Precambrian Namapoikia
17%
Devonian Neeyambaspis
17%
Silurian Nerepisacanthus
17%
Permian Nipponomaria
17%
Cambrian Odaraia
17%
Cambrian Oesia
17%
Ordovician Ogyginus
17%
Devonian Onychodus
17%
Carboniferous Orodus
17%
Cambrian Orthrozanclus
17%
Devonian Osteolepis
17%
Cambrian Ottoia
17%
Cretaceous Pachydesmoceras
17%
Ordovician Pacific Sea Nettle Jellyfish
17%
Devonian Palaeocharinus
17%
Permian Palaeontinoid
17%
Jurassic Panguraptor
17%
Triassic Panzhousaurus
17%
Cambrian Paradoxides
17%
Cambrian Parapeytoia
17%
Cretaceous Parapuzosia
17%
Devonian Parmastega
17%
Precambrian Parvancorina
17%
Cambrian Paucipodia
17%
Carboniferous Pederpes
17%
Devonian Pelurgaspis
17%
Permian Permotarbus
17%
Silurian Petalocrinus
17%
Cambrian Phantaspis
17%
Carboniferous Pholiderpeton
17%
Devonian Phyllolepis
17%
Devonian Pituriaspis
17%
Triassic Placodus
17%
Permian Platyhystrix
17%
Carboniferous Platysomus
17%
Devonian Plectodiscus
17%
Devonian Pneumodesmus
17%
Silurian Poleumita
17%
Cambrian Pomatrum
17%
Permian Procynosuchus
17%
Cambrian Profallotaspis
17%
Triassic Proganochelys
17%
Carboniferous Progonoblattina
17%
Ordovician Promissum
17%
Permian Prosictodon
17%
Carboniferous Protozygoptera
17%
Silurian Psarolepis
17%
Triassic Pseudotherium
17%
Devonian Pteraspis
17%
Precambrian Pteridinium
17%
Permian Pygopterus
17%
Silurian Qilinyu
17%
Permian Rautiania
17%
Triassic Rebellatrix
17%
Jurassic Redfieldius
17%
Carboniferous Remigiomontanus
17%
Devonian Rhadinacanthus
17%
Devonian Rhamphodopsis
17%
Carboniferous Roach
17%
Permian Rubidgea
17%
Static Rugose Coral
17%
Carboniferous Saivodus
17%
Jurassic Saltriovenator
17%
Permian Sauroctonus
17%
Devonian Scaumenacia
17%
Devonian Schinderhannes
17%
Devonian Schugurocaris
17%
Triassic Sclerocormus
17%
Silurian Scyphocrinus
17%
Static Sea Anemone
17%
Triassic Silesaurus
17%
Triassic Sillosuchus
17%
Silurian Silurolepis
17%
Carboniferous Sinodunbaria
17%
Silurian Siphonocrinus
17%
Cambrian Siphusauctum
17%
Cambrian Skeemella
17%
Triassic Smilosuchus
17%
Triassic Smok
17%
Carboniferous Spathicephalus
17%
Carboniferous Sphenacodon
17%
Silurian Sphooceras
17%
Devonian Spiniplatyceras
17%
Static Sponge
17%
Triassic Stagonolepis
17%
Devonian Stensioella
17%
Cambrian Stromatocystites
17%
Cambrian Stromatoveris
17%
Cambrian Synophalos
17%
Static Tabulate Coral
17%
Triassic Tanystropheus
17%
Permian Tapinocephalus
17%
Devonian Tartuosteus
17%
Devonian Tegeolepis
17%
Cambrian Tegopelte
17%
Triassic Teleocrater
17%
Ordovician Temperoceras
17%
Static Tentaculita
17%
Devonian Terataspis
17%
Permian Tetraceratops
17%
Ordovician Tetragraptus
17%
Cambrian Thaumaptilon
17%
Silurian Thelodus
17%
Triassic Thrinaxodon
17%
Permian Tiarajudens
17%
Jurassic Titanites
17%
Cambrian Tokummia
17%
Ordovician Tomlinsonus
17%
Triassic Traumatocrinus
17%
Precambrian Tribrachidium
17%
Silurian Trimerus
17%
Carboniferous Tyrannophontes
17%
Devonian Vachonisia
17%
Devonian Vadarocrinus
17%
Triassic Vancleavea
17%
Permian Varialepis
17%
Cambrian Vetulicolia
17%
Silurian Warneticaris
17%
Devonian Websteroprion
17%
Permian Weigeltisaurus
17%
Devonian Weinbergina
17%
Carboniferous Whatcheeria
17%
Devonian Willwerathia
17%
Devonian Wingertshellicus
17%
Devonian Wuttagoonaspis
17%
Jurassic Xuanhuaceratops
17%
Cambrian Yawunik
17%
Precambrian Yilingia
17%
Cambrian Yohoia
17%
Precambrian Yorgia
17%
Triassic Yunguisaurus
17%
Cambrian Yunnanozoon
17%
Permian Acanthostomatops
0%
Jurassic Aetheolepis
0%
Cambrian Alacaris
0%
Devonian Ancyrocrinus
0%
Carboniferous Antarcticarcinus
0%
Devonian Antineosteus
0%
Jurassic Aphnelepis
0%
Precambrian Arborea
0%
Permian Archosaurus
0%
Silurian Arctinurus
0%
Ordovician Asaphus
0%
Permian Ascendonanus
0%
Silurian Ascoceras
0%
Jurassic Aspidorhynchus
0%
Jurassic Asteracanthus
0%
Triassic Asteroceras
0%
Silurian Ateleaspis
0%
Permian Aulacephalodon
0%
Ordovician Aulacera
0%
Triassic Aulacoceras
0%
Precambrian Ausia
0%
Carboniferous Bandringa
0%
Triassic Beishanichthys
0%
Triassic Birgeria
0%
Silurian Birkenia
0%
Permian Blourugia
0%
Silurian Bohemoharpes
0%
Ordovician Bolboporites
0%
Silurian Boothiaspis
0%
Precambrian Bradgatia
0%
Triassic Brembodus
0%
Devonian Brochoadmones
0%
Cambrian Bushizheia
0%
Permian Cacops
0%
Silurian Callicrinus
0%
Ordovician Calvapilosa
0%
Permian Captorhinus
0%
Devonian Carolowilhelmina
0%
Carboniferous Casineria
0%
Triassic Ceratites
0%
Triassic Ceratodus
0%
Cambrian Cheirurus
0%
Devonian Cheloniellon
0%
Triassic Chinlea
0%
Triassic Clatrotitan
0%
Permian Cooperoceras
0%
Jurassic Coroniceras
0%
Ordovician Cothurnocystis
0%
Silurian Crotalocephalus
0%
Devonian Cupressocrinites
0%
Silurian Cyathocrinus
0%
Triassic Cynognathus
0%
Ordovician Cyrtoceras
0%
Jurassic Dactylioceras
0%
Triassic Daedalichthys
0%
Ordovician Dalmanites
0%
Triassic Dapedium
0%
Permian Dasyceps
0%
Carboniferous Datheosaurus
0%
Carboniferous Delitzschala
0%
Carboniferous Deltoptychius
0%
Ordovician Dendrograptus
0%
Permian Diadectes
0%
Cambrian Diania
0%
Carboniferous Dizygocrinus
0%
Devonian Drepanaspis
0%
Silurian Dunyu
0%
Ordovician Echinosphaerites
0%
Cambrian Echmatocrinus
0%
Triassic Eosaurichthys
0%
Devonian Ericixerxes
0%
Jurassic Eryon
0%
Triassic Erythrosuchus
0%
Devonian Eugaleaspis
0%
Ordovician Fenestella
0%
Precambrian Funisia
0%
Devonian Gantarostrataspis
0%
Devonian Gemuendina
0%
Static Gigantoproductus
0%
Carboniferous Gigantoscorpio
0%
Permian Gigantospongea
0%
Triassic Gigatitan
0%
Carboniferous Gnathorhiza
0%
Devonian Gondwanascorpio
0%
Devonian Groenlandaspis
0%
Precambrian Haootia
0%
Ordovician Harpes
0%
Devonian Hemicyclaspis
0%
Cambrian Herpetogaster
0%
Carboniferous Hylonomus
0%
Precambrian Inaria
0%
Carboniferous Iniopteryx
0%
Carboniferous Janassa
0%
Permian Jimbacrinus
0%
Permian Kaibabvenator
0%
Ordovician Kalbarria
0%
Silurian Kokomopterus
0%
Permian Labidosaurus
0%
Devonian Laccognathus
0%
Silurian Lasanius
0%
Triassic Liliensternus
0%
Triassic Lithiotis
0%
Ordovician Lituites
0%
Ordovician Lonchodomas
0%
Devonian Lunaspis
0%
Ordovician Lunataspis
0%
Devonian Lungmenshanaspis
0%
Permian Lysorophus
0%
Cambrian Marrella
0%
Devonian Mcnamaraspis
0%
Triassic Megazostrodon
0%
Permian Menaspis
0%
Triassic Mesotitan
0%
Cambrian Metaspriggina
0%
Silurian Microphymaspis
0%
Devonian Mimetaster
0%
Carboniferous Mooreoceras
0%
Jurassic Notidanoides
0%
Carboniferous Opsieobuthus
0%
Static Orthids
0%
Cretaceous Pachydiscus
0%
Devonian Pagea
0%
Devonian Palaeoisopus
0%
Permian Palaeoniscum
0%
Silurian Palaeotarbus
0%
Precambrian Pambikalbae
0%
Devonian Panderichthys
0%
Ordovician Panderodus
0%
Permian Pantylus
0%
Permian Paranaichthys
0%
Carboniferous Paratarrasius
0%
Devonian Parexus
0%
Precambrian Parviscopa
0%
Devonian Phanerotinus
0%
Silurian Pharyngolepis
0%
Silurian Phragmoceras
0%
Jurassic Piranhamesodon
0%
Cambrian Pirania
0%
Silurian Pisocrinus
0%
Silurian Platylomaspis
0%
Silurian Poraspis
0%
Precambrian Primocandelabrum
0%
Permian Prionosuchus
0%
Permian Proburnetia
0%
Carboniferous Proterogyrinus
0%
Silurian Pseudocrinites
0%
Carboniferous Pulmonoscorpius
0%
Carboniferous Rayonnoceras
0%
Cambrian Retifacies
0%
Ordovician Sacabambaspis
0%
Triassic Saurichthys
0%
Triassic Scleromochlus
0%
Ordovician Selenopeltis
0%
Triassic Semionotus
0%
Triassic Sphenotitan
0%
Static Spiriferids
0%
Carboniferous Squatinactis
0%
Carboniferous Stenodictya
0%
Triassic Strobilodus
0%
Permian Suminia
0%
Precambrian Swartpuntia
0%
Precambrian Tawuia
0%
Triassic Thecodontosaurus
0%
Precambrian Thectardis
0%
Carboniferous Thrinacodus
0%
Jurassic Thrissops
0%
Silurian Torpedaspis
0%
Carboniferous Traquairius
0%
Jurassic Turboscinetes
0%
Devonian Turrisaspis
0%
Ordovician Uralichas
0%
Permian Uranocentrodon
0%
Carboniferous Urocordylus
0%
Permian Urosthenes
0%
Precambrian Ventogyrus
0%
Carboniferous Vestinautilus
0%
Triassic Vostocovacrinus
0%
Devonian Walliserops
0%
Cambrian Xianguangia
0%
Triassic Xinpusaurus
0%
No matching quizzes found
Score Distribution
Percent of People with Each Score
Percentile by Number Answered
Your Score History
You have not taken this quiz